<?xml version="1.0" encoding="UTF-8"?>
<record
    xmlns:xsi="http://www.w3.org/2001/XMLSchema-instance"
    xsi:schemaLocation="http://www.loc.gov/MARC21/slim http://www.loc.gov/standards/marcxml/schema/MARC21slim.xsd"
    xmlns="http://www.loc.gov/MARC21/slim">

  <leader>01048nam0a22002891  4500</leader>
  <controlfield tag="001">v19\rc\1399156</controlfield>
  <controlfield tag="005">20260407063958.0</controlfield>
  <datafield tag="035" ind1=" " ind2=" ">
    <subfield code="a">(NLR Aleph) 005206393</subfield>
  </datafield>
  <datafield tag="090" ind1=" " ind2=" ">
    <subfield code="a">5362764</subfield>
    <subfield code="c">5362764</subfield>
  </datafield>
  <datafield tag="100" ind1=" " ind2=" ">
    <subfield code="a">20060512e18711870|||y0rusy50      ca</subfield>
  </datafield>
  <datafield tag="101" ind1="0" ind2=" ">
    <subfield code="a">rus</subfield>
  </datafield>
  <datafield tag="102" ind1=" " ind2=" ">
    <subfield code="a">RU</subfield>
  </datafield>
  <datafield tag="105" ind1=" " ind2=" ">
    <subfield code="a">y   z   |||a|</subfield>
  </datafield>
  <datafield tag="200" ind1="1" ind2=" ">
    <subfield code="a">&#x422;&#x430;&#x439;&#x43D;&#x430; &#x42D;&#x434;&#x432;&#x438;&#x43D;&#x430;-&#x414;&#x440;&#x443;&#x434;&#x430;</subfield>
    <subfield code="e">&#x420;&#x43E;&#x43C;&#x430;&#x43D; &#x427;&#x430;&#x440;&#x43B;&#x44C;&#x437;&#x430; &#x414;&#x438;&#x43A;&#x43A;&#x435;&#x43D;&#x441;&#x430;</subfield>
  </datafield>
  <datafield tag="210" ind1=" " ind2=" ">
    <subfield code="a">&#x421;&#x430;&#x43D;&#x43A;&#x442;-&#x41F;&#x435;&#x442;&#x435;&#x440;&#x431;&#x443;&#x440;&#x433;</subfield>
    <subfield code="c">&#x442;&#x438;&#x43F;. &#x438; &#x43B;&#x438;&#x442;. &#x410;. &#x41A;&#x430;&#x441;&#x43F;&#x430;&#x440;&#x438;</subfield>
    <subfield code="d">1871</subfield>
  </datafield>
  <datafield tag="215" ind1=" " ind2=" ">
    <subfield code="a">[4], 328 &#x441;.</subfield>
    <subfield code="d">25</subfield>
  </datafield>
  <datafield tag="311" ind1=" " ind2=" ">
    <subfield code="a">&#x41E;&#x442;&#x442;. &#x438;&#x437; &#x436;&#x443;&#x440;&#x43D;. "&#x417;&#x430;&#x440;&#x44F;". 1870, &#x43A;&#x43D;. 4, &#x43E;&#x442;&#x434;. 3</subfield>
  </datafield>
  <datafield tag="488" ind1=" " ind2="0">
    <subfield code="1">2001#$a&#x417;&#x430;&#x440;&#x44F;$v1870, &#x43A;&#x43D;. 4, &#x43E;&#x442;&#x434;. 3</subfield>
    <subfield code="t">&#x417;&#x430;&#x440;&#x44F;</subfield>
  </datafield>
  <datafield tag="700" ind1=" " ind2="1">
    <subfield code="8">rus</subfield>
    <subfield code="7">ca</subfield>
    <subfield code="a">&#x414;&#x438;&#x43A;&#x43A;&#x435;&#x43D;&#x441;</subfield>
    <subfield code="b">&#x427;.</subfield>
    <subfield code="f">1812-1870</subfield>
    <subfield code="g">&#x427;&#x430;&#x440;&#x43B;&#x437;</subfield>
    <subfield code="3">RU\NLR\AUTH\7713978</subfield>
    <subfield code="9">123656</subfield>
  </datafield>
  <datafield tag="790" ind1=" " ind2="1">
    <subfield code="a">&#x414;&#x438;&#x43A;&#x43A;&#x435;&#x43D;&#x441;</subfield>
    <subfield code="b">&#x427;.</subfield>
    <subfield code="f">1812-1870</subfield>
    <subfield code="g">&#x427;&#x430;&#x440;&#x43B;&#x44C;&#x437;</subfield>
  </datafield>
  <datafield tag="801" ind1=" " ind2="0">
    <subfield code="a">RU</subfield>
    <subfield code="b">NLR</subfield>
    <subfield code="c">20060512</subfield>
    <subfield code="g">psbo</subfield>
  </datafield>
  <datafield tag="801" ind1=" " ind2="0">
    <subfield code="a">RU</subfield>
    <subfield code="b">RuMoRGB</subfield>
    <subfield code="c">20060512</subfield>
    <subfield code="2">psbo</subfield>
  </datafield>
  <datafield tag="801" ind1=" " ind2="1">
    <subfield code="a">RU</subfield>
    <subfield code="b">ProSoft-M</subfield>
    <subfield code="c">20060512</subfield>
    <subfield code="2">rusmarc</subfield>
  </datafield>
  <datafield tag="801" ind1=" " ind2="2">
    <subfield code="a">RU</subfield>
    <subfield code="b">NLR</subfield>
    <subfield code="c">20070426</subfield>
    <subfield code="2">rusmarc</subfield>
  </datafield>
  <datafield tag="852" ind1=" " ind2=" ">
    <subfield code="a">NLR</subfield>
    <subfield code="j">36.82.7.123</subfield>
  </datafield>
  <datafield tag="942" ind1=" " ind2=" ">
    <subfield code="c">BOOK</subfield>
  </datafield>
  <datafield tag="980" ind1=" " ind2=" ">
    <subfield code="a">NB</subfield>
  </datafield>
  <datafield tag="995" ind1=" " ind2=" ">
    <subfield code="5">2013-10-26</subfield>
    <subfield code="b">NLR02</subfield>
    <subfield code="c">NLR02</subfield>
    <subfield code="e">RFS</subfield>
    <subfield code="f">5206393-10</subfield>
    <subfield code="k">36.82.7.123</subfield>
    <subfield code="o">0</subfield>
    <subfield code="r">BOOK</subfield>
    <subfield code="s">36827123_</subfield>
  </datafield>
</record>
